Statystyki dla Wszyscy Goście podcastu Bez Nart Ani Rusz

Kliknij tutaj aby rozwiązać quiz!

Ogólne statystyki

  • Ten quiz został rozwiązany 23 razy
  • Średni wynik to 16 z 22

Statystyki odpowiedzi

SezonGość% Poprawnych
1Adrian Kozioł
93%
1Filip Wiśniewski
93%
1Krzysztof Sachmata
93%
1Rudek
93%
1Miłosz Matelski
86%
2Paweł Baran
86%
2Adrian Dworakowski
79%
1Ederwolf
79%
1Oliwer Frąc
79%
2Radek Sarnik
79%
1Filip Kołodziejski
71%
1Kamil Dyśko
71%
2Kuba Radziszewski
71%
1Karolina Kawczyńska
64%
1Michał Grzela
64%
1Wojtek Schiller
64%
2Kuba Mikołajczak
57%
1Pabiano
57%
2Mariusz Zembrzuski
50%
2Mateusz Stóf
50%
1Sebastian Warzecha
50%
1Sebastian Szaranowicz
43%

Rozkład punktacji

Percentyl według liczby udzielonych odpowiedzi

Procent ludzi z każdym wynikiem

Twoja historia wyników

Nie rozwiązałeś tego quizu